Ursule - Paroles - Statistiques

Statistiques générales
  • Ce quiz a été pris 7 fois
  • Le résultat moyen est 67 sur 115
Statistiques - réponses
Hint Réponse % Correct
qui
100%
u
100%
à
86%
d'
86%
de
86%
COUPLET 1 | COUPLET 2 | COUPLET 3 | +2 others J'
86%
le
86%
REFRAIN oh
86%
te
86%
tes
86%
un
86%
ursule!
86%
aime
71%
brûle
71%
cheveux
71%
coeur
71%
éteindre
71%
faudrait
71%
feu
71%
grand
71%
grands
71%
ma
71%
mon
71%
Pour
71%
toi
71%
yeux
71%
amour
57%
aux
57%
ça
57%
consume
57%
font
57%
Il
57%
il
57%
les
57%
lunettes
57%
me
57%
penser
57%
phares
57%
ce
43%
derrière
43%
en
43%
forme
43%
Ils
43%
nez
43%
pieds
43%
pompe
43%
ton
43%
une
43%
vapeur
43%
ailes
29%
ange
29%
camionnette.
29%
Elles
29%
grange
29%
oreilles
29%
poils
29%
porte
29%
Si
29%
tignasse
29%
vache
29%
bien
14%
dommage
14%
ferait
14%
fromage
14%
lavais,
14%
lucarne
14%
mouchais
14%
sentent
14%
serait
14%
tout
14%
tu
14%
vacarme.
14%
Aucun quiz correspondant
Distribution des résultats
% des personnes avec chaque résultat
Percentile par nombre de réponses
Votre historique - résultats
Vous n’avez pas pris ce quiz